000 00992nam a2200313 i 4500
003 EG-GICUC
005 20260430080406.0
008 260430s1992 ie alk|fr|||| 001 0 eng d
020 _a0717117030
040 _aEG-GiCUC
_beng
_cEG-GiCUC
_dEG-GiCUC
_erda
041 1 _aeng
082 0 4 _221
_a342.0415
_bDO . I
092 0 4 _221
099 _aLaw1 08 342.0415 DO . I 1992
100 1 _aDooney , Sean
_eAuthor.
245 1 4 _aIrish Government Today /
_cSean Dooney and John O'Toole.
264 1 _aDublin :
_bGill and Macmillan,
_c1992.
300 _a247 pages :
_billustrations,
_c24 cm
336 _2rda content
_atext
337 _2rda media
_aComputer
338 _2rda carrier
_aOnline Resource
504 _aIncludes bibliographical references and index.
546 _aText in English
650 1 4 _aConstitutional law
700 1 _aO'Toole, John
_ejoint author.
856 4 0 _uhttps://fll.law.cu.edu.eg/fulltext/bks/B08-04199.pdf
905 _a48
942 _2ddc
_cBK
_e21
_n0
999 _c74380
_d74380